00522nam a2200157Ia 450000500170000000800410001704100080005808200160006610000350008224500290011726000410014630000090018765000230019699900190021995201260023820250729165757.0250729s2017 xx 000 0 und d aeng a370.25 AGNK aDr.Agnes Ronald Dcosta9232731 aKnowledge and curriculum aHyderabadbHimalaya Publishingc2017 a160p aPsychology9232732 c239929d239929 00104070aALbALd2025-07-29g150.00l1o370.25 AGNKpBED05248r2025-08-08 12:55:29s2025-08-04v150.00w2025-07-29yBK